Datum a čas kvízu

18 Celkem bodů Celkový počet nahraných bodů na tomto kvízu bez doplňovacích otázek.
13. Pořadí na kvízu Konečné umístění týmu na tomto kvízu.

Zaznamenané odpovědi

# Otázka Odpověď Body Výsledky
1. V neděli 17. listopadu v 17:11... Modlitba pro Martu 1
2. Ruské ministerstvo spravedlnos... Člověk v tísni 0
3. 17. listopadu měl na HBO premi... Bez vědomí 0
4. 11. listopadu se ve světě již... na nezadané 0
5. Ve kterém českém městě se odeh... v Plzni 0
6. Téma o tomto komikovi si vybra... v Litoměřicích 0
7. Jak se jmenuje herečka zdatně... Iva Janžurová 1
8. Kdo je "průkopníkem českého di... Tyl 0
9. Kde se odehrává tato scénka? A... B) na hřbitově 0
10. Ve scénce V restauraci hraje H... Podložil s ním nohu stolu. 1